Chemistry and world food supplies: The New frontiers

שמור ב:
מידע ביבליוגרפי
פורמט: ספר
שפה:Undetermined
יצא לאור: Oxford Pergamon Press 1983
נושאים:
תגים: הוספת תג
אין תגיות, היה/י הראשונ/ה לתייג את הרשומה!
Thư viện lưu trữ: Trung tâm Học liệu Trường Đại học Cần Thơ
LEADER 00492nam a2200157Ia 4500
001 CTU_30089
008 210402s9999 xx 000 0 und d
082 |a 630.24 
082 |b C517 
245 0 |a Chemistry and world food supplies: The New frontiers 
260 |a Oxford 
260 |b Pergamon Press 
260 |c 1983 
650 |a agricultural chemistry - congresses,food industry and trade - congresses 
904 |i Liên, 990226 
980 |a Trung tâm Học liệu Trường Đại học Cần Thơ